| 000 | 00739cam a2200229 a 4500 | ||
|---|---|---|---|
| 008 | |||
| 020 | _a0831130369 (hbk.) | ||
| 049 | _aMAIN | ||
| 090 | _aTS192 | ||
| 100 | 1 | _aWireman, Terry. | |
| 245 | 1 | 0 |
_aTotal productive maintenance : _ban American approach / _cTerry Wireman. |
| 260 |
_aNew York : _bIndustrial Press, _cc1991. |
||
| 300 |
_axiii, 192 p. : _bill. ; _c25 cm. |
||
| 500 | _aIncludes index. | ||
| 650 | 0 |
_aPlant maintenance _zUnited States _xManagement. |
|
| 650 | 0 |
_aIndustrial equipment _zUnited States _xMaintenance and repair _xManagement. |
|
| 907 |
_a.b10002352 _b20-01-10 _c17-04-03 |
||
| 003 | |||
| 005 | 20230123133555.0 | ||
| 040 | _cNUST | ||
| 942 |
_cBOOKS _kTS192 |
||
| 999 |
_c150953 _d150953 |
||